| 000 | 00918nam a2200241 i 4500 | ||
|---|---|---|---|
| 001 | bg | ||
| 100 | 1 | _aWÓJCIK, Włodzimierz | |
| 245 | 1 | 0 |
_aZwiązek własności magnetycznych z lokalizacją w skondensowanych układach fermionowych / _cWłodzimierz Wójcik. |
| 260 |
_aKraków : _bWydawnictwa PK, _c1997. |
||
| 300 |
_a98 s. : _brys., wykr. ; _c24 cm. |
||
| 490 | 1 |
_aMonografia / Politechnika Krakowska im. Tadeusza Kościuszki. Seria Podstawowe Nauki Techniczne, _x0860-097X ; _v221 |
|
| 500 | _aStreszcz. pol., ang., franc. | ||
| 504 | _aBibliogr. s. 85-89. | ||
| 650 | 9 | _aElektrony | |
| 650 | 9 | _aPole magnetyczne | |
| 710 | 0 | _aPOLITECHNIKA KRAKOWSKA (Kraków) | |
| 830 | 0 |
_aMonografia (Politechnika Krakowska im. Tadeusza Kościuszki). _pSeria Podstawowe Nauki Techniczne |
|
| 040 | _cBPK | ||
| 041 | 0 |
_apl _benfrpl |
|
| 080 | _a539.12:537.6 | ||
| 942 | _cKS | ||
| 008 | s pl f |000 0 pol | ||
| 999 |
_c33153 _d33153 |
||
| 856 |
_uhttp://koha.tu.koszalin.pl/cgi-bin/koha/opac-detail.pl?biblionumber=33153 _yKatalog online BPK |
||